| 000 | 00877nam a2200229 i 4500 | ||
|---|---|---|---|
| 001 | 11522 | ||
| 003 | ES-MaACL | ||
| 005 | 20240224063054.0 | ||
| 007 | t| | ||
| 008 | 960626s1993 sp a |||| |dspa d | ||
| 080 | _a929 García Pelayo, Manuel | ||
| 100 | 0 |
_aTomás y Valiente, Francisco, _d1932-1996 _9110535 |
|
| 245 | 1 | 0 |
_aManuel García Pelayo _b: del exilio a la presidencia del Tribunal Constitucional / _cFrancisco Tomás y Valiente. |
| 260 |
_aMadrid : _bFundación Españoles en el Mundo, _c1993. |
||
| 300 |
_a32 p. : _bil. ; _c28 cm. |
||
| 490 | 1 |
_aCuadernos de la Fundación Españoles en el Mundo ; _v4 |
|
| 600 | 1 | 4 |
_aGarcía-Pelayo, Manuel. _955092 |
| 710 | 2 |
_aFundación Españoles en el Mundo. _94290 |
|
| 830 | 0 |
_aCuadernos de la Fundación Españoles en el Mundo ; _v4 _9179150 |
|
| 852 |
_aES-MaACL _jL-18931 |
||
| 999 |
_c11522 _d11522 |
||